Normal view
MARC view
- Popek, Emma P.
Entry Personal Name
001 - CONTROL NUMBER
- control field: 6770
003 - CONTROL NUMBER IDENTIFIER
- control field: NUST
005 - DATE AND TIME OF LATEST TRANSACTION
- control field: 20171124121211.0
008 - FIXED-LENGTH DATA ELEMENTS
- fixed length control field: 171124|| aca||aabn | a|a d
040 ## - CATALOGING SOURCE
- Original cataloging agency: NUST
- Transcribing agency: NUST
100 ## - HEADING--PERSONAL NAME
- Personal name: Popek, Emma P.
670 ## - SOURCE DATA FOUND
- Source citation: Work cat.: (NUST)0: Popek, Emma P., Sampling and analysis of environmental chemical pollutants :, 2003.
